Simple Plan Songs - Statistics

General Stats
  • This quiz has been taken 213 times
  • The average score is 25 of 58
Answer Stats
Album Song % Correct
No Pads, No Helmets... Just Balls Perfect
81%
Still Not Getting Any... Welcome to My Life
81%
No Pads, No Helmets... Just Balls I'm Just a Kid
78%
Get Your Heart On! Jet Lag
71%
No Pads, No Helmets... Just Balls Addicted
70%
Still Not Getting Any... Shut Up!
69%
Still Not Getting Any... Untitled
68%
Get Your Heart On! Summer Paradise
65%
Simple Plan Your Love Is a Lie
61%
Still Not Getting Any... Crazy
60%
Simple Plan Save You
60%
No Pads, No Helmets... Just Balls I'd Do Anything
59%
Simple Plan When I'm Gone
58%
Still Not Getting Any... Jump
55%
Get Your Heart On! This Song Saved My Life
53%
Still Not Getting Any... Perfect World
51%
No Pads, No Helmets... Just Balls My Alien
50%
Get Your Heart On! Astronaut
48%
No Pads, No Helmets... Just Balls (Bonus) Grow Up
45%
No Pads, No Helmets... Just Balls God Must Hate Me
44%
Still Not Getting Any... Me Against the World
44%
Still Not Getting Any... One
44%
Get Your Heart On! You Suck at Love
44%
Get Your Heart On! Loser of the Year
42%
Get Your Heart On! Can't Keep My Hands off You
40%
Still Not Getting Any... Everytime
40%
Simple Plan I Can Wait Forever
40%
Simple Plan Take My Hand
40%
Still Not Getting Any... Thank You
39%
Get Your Heart On! Freaking Me Out
38%
Get Your Heart On! Gone Too Soon
38%
Simple Plan No Love
38%
Simple Plan The End
36%
Get Your Heart On - The Second Coming! Try
36%
Simple Plan What If
36%
Still Not Getting Any... Promise
35%
Simple Plan Generation
34%
Get Your Heart On - The Second Coming! In
34%
No Pads, No Helmets... Just Balls You Don't Mean Anything
34%
No Pads, No Helmets... Just Balls Meet You There
33%
No Pads, No Helmets... Just Balls One Day
32%
Get Your Heart On - The Second Coming! Ordinary Life
32%
Scooby-Doo 2: Monsters Unleashed Soundtrack Don't Wanna Think About You
31%
Get Your Heart On - The Second Coming! Fire in My Heart
31%
Simple Plan Holding On
31%
Get Your Heart On - The Second Coming! Outta My System
31%
Get Your Heart On! Anywhere Else But Here
30%
Get Your Heart On - The Second Coming! Lucky One
30%
No Pads, No Helmets... Just Balls The Worst Day Ever
28%
Simple Plan Time to Say Goodbye
28%
Get Your Heart On! Last One Standing
27%
Get Your Heart On! (Bonus) Never Should Have Let You Go
27%
Get Your Heart On - The Second Coming! The Rest of Us
27%
No Pads, No Helmets... Just Balls I Won't Be There
25%
No Pads, No Helmets... Just Balls When I'm With You
23%
No Pads, No Helmets... Just Balls (Bonus) My Christmas List
21%
Simple Plan (Bonus) Running Out of Time
19%
No Pads, No Helmets... Just Balls (Bonus) One By One
13%
No matching quizzes found
Score Distribution
Percent of People with Each Score
Percentile by Number Answered
Your Score History
You have not taken this quiz